[Event "Robecchetto op-A 26th"]
[Site "Robecchetto"]
[Date "2015.07.25"]
[Round "2"]
[White "Guidi, Maurizio"]
[Black "Boschetti, Claudio"]
[Result "1/2-1/2"]
[WhiteElo "2015"]
[BlackElo "2140"]
[PlyCount "90"]
[EventDate "2015.07.24"]
[EventType "swiss"]
[EventRounds "5"]
[EventCountry "ITA"]
[SourceTitle "EXT 2016"]
[Source "ChessBase"]
[SourceDate "2015.10.08"]
[SourceVersion "1"]
[SourceVersionDate "2015.10.08"]
[SourceQuality "1"]

1. Nf3 d6 2. d4 Nd7 3. c4 e5 4. e3 Ngf6 5. Nc3 Be7 6. Qc2 c6 7. Be2 a5 8. 0-0 0-0 9. b3 Re8 10. Bb2 Bf8 11. dxe5 dxe5 12. Rfd1 Qc7 13. e4 Nc5 14. h3 Nh5 15. Bf1 g6 16. g4 Nf4 17. Ne2 Nxe2+ 18. Qxe2 f6 19. Ne1 Ne6 20. Qf3 Qg7 21. Nd3 c5 22. Ne1 Ra6 23. Ng2 h5 24. Ne3 Nd4 25. Qg2 hxg4 26. hxg4 Qh6 27. Rd3 Re7 28. Nd5 Rh7 29. Nxf6+ Rxf6 30. g5 Qh1+ 31. Qxh1 Rxh1+ 32. Kxh1 Rxf2 33. Bxd4 exd4 34. Bh3 Bxh3 35. Rxh3 Re2 36. a4 Rxe4 37. Rg1 Bd6 38. Rf3 Be7 39. Kg2 Re5 40. Kf1 Kg7 41. Rfg3 Bd8 42. R1g2 b6 43. Rg4 Re3 44. R4g3 Re5 45. Rg4 Re3 1/2-1/2

[Event "Robecchetto op-A 25th"]
[Site "Robecchetto"]
[Date "2014.12.29"]
[Round "6"]
[White "Guidi, Maurizio"]
[Black "Sbarra, Marco"]
[Result "0-1"]
[WhiteElo "2043"]
[BlackElo "2191"]
[PlyCount "46"]
[EventDate "2014.12.26"]
[EventType "swiss"]
[EventRounds "6"]
[EventCountry "ITA"]
[SourceTitle "EXT 2017"]
[Source "ChessBase"]
[SourceDate "2016.10.25"]
[SourceVersion "1"]
[SourceVersionDate "2016.10.25"]
[SourceQuality "1"]

1. d4 Nf6 2. Nf3 d5 3. Bg5 e6 4. e3 Nbd7 5. Bd3 c5 6. c3 Bd6 7. Nbd2 Qc7 8. 0-0 h6 9. Bh4 0-0 10. e4 dxe4 11. Nxe4 Nxe4 12. Bxe4 f5 13. Bc2 g5 14. Bxg5 hxg5 15. Nxg5 Nf6 16. Re1 Bxh2+ 17. Kf1 Ng4 18. Qe2 Rf6 19. Ne4 Rh6 20. Nxc5 Bd6 21. Qb5 Bxc5 22. Qxc5 Qf4 23. d5 b6 0-1

[Event "Robecchetto op-A 25th"]
[Site "Robecchetto"]
[Date "2014.12.28"]
[Round "4"]
[White "Tinelli, Fulvio"]
[Black "Guidi, Maurizio"]
[Result "1-0"]
[WhiteElo "1923"]
[BlackElo "2043"]
[PlyCount "101"]
[EventDate "2014.12.26"]
[EventType "swiss"]
[EventRounds "6"]
[EventCountry "ITA"]
[SourceTitle "EXT 2017"]
[Source "ChessBase"]
[SourceDate "2016.10.25"]
[SourceVersion "1"]
[SourceVersionDate "2016.10.25"]
[SourceQuality "1"]

1. d4 Nf6 2. Nf3 b6 3. Bg5 e6 4. Nbd2 Bb7 5. e3 Be7 6. Bd3 0-0 7. Qe2 c5 8. c3 Nc6 9. 0-0 d6 10. Rad1 Qc7 11. Rfe1 h6 12. Bh4 cxd4 13. exd4 d5 14. Ne5 Nxe5 15. dxe5 Nh7 16. Bg3 Rfd8 17. f4 g6 18. Nf3 Kg7 19. Nd4 Bc5 20. Bf2 a5 21. g4 Qc8 22. f5 Bxd4 23. Bxd4 Ba6 24. f6+ Kh8 25. Qe3 g5 26. Qh3 Bxd3 27. Rxd3 Rd7 28. Qxh6 Qf8 29. Rh3 Qxh6 30. Rxh6 Kg8 31. Rh5 Rc8 32. Re3 Nf8 33. Rxg5+ Ng6 34. Rh3 Rdc7 35. Rh6 Kf8 36. Kf2 Ke8 37. Ke3 Kd7 38. h4 b5 39. h5 Nh4 40. Rg7 Kc6 41. Kf2 b4 42. Kg3 bxc3 43. bxc3 Rb8 44. Kxh4 Rb2 45. Rhh7 Rcb7 46. Rxf7 Rh2+ 47. Kg5 Rb8 48. a4 Rc8 49. Rhg7 Rh1 50. Re7 Rxh5+ 51. gxh5 1-0

[Event "Biella op-A 4th"]
[Site "Biella"]
[Date "2013.09.28"]
[Round "2"]
[White "Guidi, Maurizio"]
[Black "Pulito, Alberto"]
[Result "0-1"]
[WhiteElo "2041"]
[BlackElo "2285"]
[PlyCount "128"]
[EventDate "2013.09.27"]
[EventType "swiss"]
[EventRounds "5"]
[EventCountry "ITA"]
[SourceTitle "CBM 156 Extra"]
[Source "ChessBase"]
[SourceDate "2013.10.22"]
[SourceVersion "1"]
[SourceVersionDate "2013.10.22"]
[SourceQuality "1"]

1. e4 d5 2. exd5 Qxd5 3. Nf3 Bg4 4. Be2 Nc6 5. Nc3 Qf5 6. d3 Nf6 7. h3 Bxf3 8. Bxf3 Qd7 9. Be3 e5 10. a3 0-0-0 11. g4 h6 12. Bg2 Nd4 13. Qd2 Kb8 14. 0-0-0 Bc5 15. Rde1 Rhe8 16. f4 exf4 17. Bxf4 Re6 18. Rxe6 Nxe6 19. Be5 Bd4 20. Re1 a6 21. Qd1 Bxe5 22. Rxe5 Qd4 23. Qf3 Qf4+ 24. Qxf4 Nxf4 25. Bf1 Ne6 26. Kd2 Kc8 27. Ne2 Rd7 28. Bg2 c6 29. c4 c5 30. b4 b6 31. Kc3 Kc7 32. bxc5 bxc5 33. Ng3 Kd6 34. Re1 Nd4 35. Rb1 Ke5 36. Rb6 Kf4 37. Ne4 Nxe4+ 38. Bxe4 Ra7 39. Rd6 Kg3 40. Rxd4 cxd4+ 41. Kxd4 Kxh3 42. c5 Kxg4 43. c6 f5 44. Bd5 f4 45. Kc5 f3 46. d4 Kf4 47. Bc4 g5 48. d5 g4 49. d6 g3 50. c7 g2 51. c8Q g1Q+ 52. Kc6 Qg7 53. a4 Qd4 54. Qf8+ Kg3 55. Qg8+ Rg7 56. Qe6 a5 57. Bd5 Qc3+ 58. Kb6 f2 59. Bc4 Qd4+ 60. Kc6 h5 61. Bb5 h4 62. d7 Qxd7+ 63. Qxd7 Rxd7 64. Kxd7 h3 0-1

[Event "Paleochora op 5th"]
[Site "Paleochora"]
[Date "2012.07.17"]
[Round "2"]
[White "Pap, Misa"]
[Black "Guidi, Maurizio"]
[Result "1-0"]
[WhiteElo "2500"]
[BlackElo "2093"]
[PlyCount "43"]
[EventDate "2012.07.16"]
[EventType "swiss"]
[EventRounds "9"]
[EventCountry "GRE"]
[SourceTitle "CBM 149 Extra"]
[Source "ChessBase"]
[SourceDate "2012.08.24"]
[SourceVersion "1"]
[SourceVersionDate "2012.08.24"]
[SourceQuality "1"]

1. e4 b6 2. d4 Bb7 3. Bd3 e6 4. Nf3 Ne7 5. 0-0 g6 6. h4 h6 7. h5 g5 8. c3 Bg7 9. Nh2 c5 10. f4 gxf4 11. Bxf4 cxd4 12. Ng4 Nbc6 13. Qf3 f5 14. exf5 Ne5 15. Qxb7 Nxg4 16. fxe6 0-0 17. exd7 dxc3 18. bxc3 Kh8 19. Be4 Nf5 20. Qxa8 Qh4 21. Qe8 Nfe3 22. Be5 1-0

[Event "Seville op 37th"]
[Site "Seville"]
[Date "2012.01.08"]
[Round "2"]
[White "Guidi, Maurizio"]
[Black "Saric, Ante"]
[Result "0-1"]
[WhiteElo "2076"]
[BlackElo "2528"]
[PlyCount "54"]
[EventDate "2012.01.07"]
[EventType "swiss"]
[EventRounds "9"]
[EventCountry "ESP"]
[SourceTitle "CBM 146 Extra"]
[Source "ChessBase"]
[SourceDate "2012.02.29"]
[SourceVersion "1"]
[SourceVersionDate "2012.02.29"]
[SourceQuality "1"]

1. b3 c5 2. Bb2 Nc6 3. e3 e5 4. g3 d5 5. Bg2 Be6 6. Ne2 Qd7 7. h3 d4 8. d3 Bd6 9. Nd2 f5 10. e4 f4 11. gxf4 exf4 12. Nf3 Nge7 13. Qd2 Ng6 14. a3 0-0 15. Neg1 a5 16. a4 Nb4 17. h4 h6 18. h5 Ne5 19. Nxe5 Bxe5 20. Nf3 Bc7 21. Nh4 b5 22. axb5 Qxb5 23. Ng6 Rf7 24. Ke2 Nxc2 25. Qxc2 Bxb3 26. Qd2 Ra6 27. Bf3 a4 0-1

[Event "Zaragoza Casablanca op 5th"]
[Site "Zaragoza"]
[Date "2011.12.27"]
[Round "5"]
[White "Antoli Royo, Joaquin Miguel"]
[Black "Guidi, Maurizio"]
[Result "1-0"]
[WhiteElo "2410"]
[BlackElo "2076"]
[PlyCount "67"]
[EventDate "2011.12.23"]
[EventType "swiss"]
[EventRounds "9"]
[EventCountry "ESP"]
[SourceTitle "CBM 146 Extra"]
[Source "ChessBase"]
[SourceDate "2012.02.29"]
[SourceVersion "1"]
[SourceVersionDate "2012.02.29"]
[SourceQuality "1"]

1. e4 b6 2. d4 Bb7 3. Bd3 e6 4. Nf3 d6 5. 0-0 Nd7 6. Qe2 a6 7. Re1 g6 8. c4 Bg7 9. a4 a5 10. Bd2 Ne7 11. b4 Nc6 12. bxa5 Nxd4 13. Nxd4 Bxd4 14. Ra3 bxa5 15. Bh6 Qh4 16. Bc1 Nc5 17. Nd2 Qe7 18. Bc2 Bc6 19. Nf3 Bg7 20. Be3 Na6 21. Bg5 Bf6 22. Bxf6 Qxf6 23. e5 Qe7 24. Nd4 Bd7 25. Rh3 Nc5 26. Qf3 Rb8 27. Qc3 dxe5 28. Rxe5 0-0 29. Rxh7 Qd6 30. Reh5 gxh5 31. Rg7+ Kh8 32. Qe3 e5 33. Rh7+ Kg8 34. Qg5+ 1-0

[Event "Zaragoza Casablanca op 5th"]
[Site "Zaragoza"]
[Date "2011.12.26"]
[Round "3"]
[White "Bellia, Fabrizio"]
[Black "Guidi, Maurizio"]
[Result "1-0"]
[WhiteElo "2418"]
[BlackElo "2076"]
[PlyCount "115"]
[EventDate "2011.12.23"]
[EventType "swiss"]
[EventRounds "9"]
[EventCountry "ESP"]
[SourceTitle "CBM 146 Extra"]
[Source "ChessBase"]
[SourceDate "2012.02.29"]
[SourceVersion "1"]
[SourceVersionDate "2012.02.29"]
[SourceQuality "1"]

1. e4 b6 2. d4 Bb7 3. Nc3 e6 4. Nf3 Nf6 5. e5 Ne4 6. Nxe4 Bxe4 7. Bd3 Bxd3 8. Qxd3 d5 9. exd6 cxd6 10. 0-0 Be7 11. h4 Nd7 12. d5 Ne5 13. Qe2 Nxf3+ 14. Qxf3 e5 15. h5 0-0 16. Qe2 Bg5 17. f4 exf4 18. Bxf4 Rc8 19. Rae1 h6 20. c4 Qf6 21. Bxg5 Qxg5 22. a4 Qh4 23. b3 Qd4+ 24. Qe3 Qxe3+ 25. Rxe3 Rfe8 26. Kf2 Kf8 27. a5 bxa5 28. Ra1 Rxe3 29. Kxe3 Rb8 30. Ra3 a4 31. Rxa4 Rxb3+ 32. Kd4 Rb7 33. c5 dxc5+ 34. Kxc5 Ke8 35. Kc6 Rb2 36. Rxa7 Rc2+ 37. Kd6 Rc8 38. Re7+ Kf8 39. Re2 g6 40. hxg6 fxg6 41. Kd7 Ra8 42. Rf2+ Kg7 43. d6 h5 44. Kc7 Ra3 45. Rd2 Rc3+ 46. Kb6 Rb3+ 47. Kc5 Rc3+ 48. Kb4 Rc8 49. d7 Rd8 50. Kc5 Kf6 51. Kd6 Kf5 52. Ke7 Rh8 53. d8Q Rxd8 54. Kxd8 Kf4 55. Ke7 g5 56. Kf6 g4 57. Kg6 h4 58. Kh5 1-0

[Event "Seville op 36th"]
[Site "Seville"]
[Date "2011.01.10"]
[Round "4"]
[White "Komljenovic, Davorin"]
[Black "Guidi, Maurizio"]
[Result "1-0"]
[WhiteElo "2457"]
[BlackElo "2068"]
[PlyCount "38"]
[EventDate "2011.01.07"]
[EventType "swiss"]
[EventRounds "9"]
[EventCountry "ESP"]
[SourceTitle "CBM 140 Extra"]
[Source "ChessBase"]
[SourceDate "2011.03.01"]
[SourceVersion "1"]
[SourceVersionDate "2011.03.01"]
[SourceQuality "1"]

1. d4 b6 2. e4 Bb7 3. Bd3 e6 4. Nf3 Ne7 5. c4 d6 6. Nc3 g6 7. Be3 Bg7 8. Qd2 h6 9. 0-0-0 Nd7 10. h3 a6 11. Kb1 Nc6 12. Be2 Qe7 13. g4 0-0-0 14. Rhg1 Kb8 15. Qc2 g5 16. Rge1 Rhe8 17. a3 Nf8 18. Ka2 Ng6 19. d5 Nce5 1-0

[Event "Robecchetto op-A 21th"]
[Site "Robecchetto"]
[Date "2010.12.28"]
[Round "3"]
[White "Giretti Kanev, Jasen"]
[Black "Guidi, Maurizio"]
[Result "1/2-1/2"]
[WhiteElo "2185"]
[BlackElo "2068"]
[PlyCount "117"]
[EventDate "2010.12.27"]
[EventType "swiss"]
[EventRounds "6"]
[EventCountry "ITA"]
[SourceTitle "EXT 2024"]
[Source "ChessBase"]
[SourceDate "2023.10.10"]
[SourceVersion "1"]
[SourceVersionDate "2023.10.10"]
[SourceQuality "1"]

1. Nf3 g6 2. d4 Bg7 3. c3 d6 4. Bf4 Nd7 5. e3 b6 6. Bc4 e6 7. Qb3 Ne7 8. h4 h6 9. Nbd2 Bb7 10. 0-0-0 a6 11. e4 b5 12. Be2 Nb6 13. Qc2 Qd7 14. Nb3 Rb8 15. Nc5 Qc6 16. Nxb7 Qxb7 17. a3 Rc8 18. Rh3 d5 19. Nd2 c5 20. dxc5 Rxc5 21. Nb3 Rc8 22. Bd6 dxe4 23. Nc5 Qa7 24. Nxe4 0-0 25. h5 g5 26. f4 gxf4 27. Bxf4 f5 28. Nd6 Rcd8 29. Rg3 Kh7 30. Qd2 Nbd5 31. Rxg7+ Kxg7 32. Bxh6+ Kh7 33. Bxf8 Rxf8 34. Qd4 Qxd4 35. Rxd4 e5 36. Rd2 Ne3 37. Bd3 e4 38. Nxe4 fxe4 39. Bxe4+ Kh6 40. Rd6+ Kxh5 41. Bf3+ Kg5 42. Re6 N7f5 43. Rxa6 Rb8 44. Ra8 Rb6 45. Kb1 Kf4 46. Ka2 Nc4 47. Kb3 Ne5 48. Kb4 Nd6 49. b3 Nb7 50. Bxb7 Nd3+ 51. Ka5 Rxb7 52. Rd8 Nc5 53. Rd5 Nxb3+ 54. Kb4 Na1 55. Rxb5 Nc2+ 56. Ka4 Rxb5 57. Kxb5 Nxa3+ 58. Kb4 Nc2+ 59. Kb3 1/2-1/2

[Event "Rethymno op 2nd"]
[Site "Rethymno"]
[Date "2010.07.14"]
[Round "3"]
[White "Guidi, Maurizio"]
[Black "Turov, Maxim"]
[Result "0-1"]
[WhiteElo "2078"]
[BlackElo "2628"]
[PlyCount "50"]
[EventDate "2010.07.13"]
[EventType "swiss"]
[EventRounds "9"]
[EventCountry "GRE"]
[SourceTitle "CBM 137 Extra"]
[Source "ChessBase"]
[SourceDate "2010.09.01"]
[SourceVersion "1"]
[SourceVersionDate "2010.09.01"]
[SourceQuality "1"]

1. e4 c5 2. d3 Nc6 3. Nf3 g6 4. g3 Bg7 5. Bg2 d6 6. 0-0 Nf6 7. Re1 0-0 8. c3 Bg4 9. h3 Bxf3 10. Bxf3 Nd7 11. Bg2 Rb8 12. Nd2 b5 13. Nf3 b4 14. d4 Qa5 15. Qd3 bxc3 16. bxc3 cxd4 17. cxd4 Nxd4 18. Bd2 Nxf3+ 19. Bxf3 Ne5 20. Bxa5 Nxd3 21. Rad1 Nxe1 22. Rxe1 Rfc8 23. a3 Bc3 24. Bxc3 Rxc3 25. Kg2 Rxa3 0-1

[Event "Lugano op 4th"]
[Site "Lugano"]
[Date "2010.04.03"]
[Round "3"]
[White "Guidi, Maurizio"]
[Black "Colmenares, Aurelio"]
[Result "1-0"]
[WhiteElo "2067"]
[BlackElo "2247"]
[PlyCount "63"]
[EventDate "2010.04.02"]
[EventType "swiss"]
[EventRounds "6"]
[EventCountry "SUI"]
[SourceTitle "EXT 2024"]
[Source "ChessBase"]
[SourceDate "2023.10.10"]
[SourceVersion "1"]
[SourceVersionDate "2023.10.10"]
[SourceQuality "1"]

1. e4 e6 2. d3 d5 3. Nd2 Nc6 4. Ngf3 Nf6 5. g3 e5 6. exd5 Nxd5 7. Bg2 Be6 8. 0-0 Qd7 9. Re1 0-0-0 10. Nxe5 Nxe5 11. Rxe5 f6 12. Re1 Bg4 13. Nf3 g5 14. Bd2 h5 15. c4 Nb6 16. Bc3 Rh6 17. Qe2 h4 18. d4 hxg3 19. fxg3 Qh7 20. Nxg5 Bxe2 21. Nxh7 Bxc4 22. Nxf8 Rxf8 23. Bd2 Rh7 24. b3 Bd5 25. Ba5 Bxg2 26. Bxb6 Bd5 27. Ba5 Rfh8 28. h4 Rg8 29. Kf2 b6 30. Bd2 Bc6 31. Bf4 Kd7 32. Rac1 1-0

[Event "Lugano op 4th"]
[Site "Lugano"]
[Date "2010.04.03"]
[Round "2"]
[White "Wipf, Armin"]
[Black "Guidi, Maurizio"]
[Result "0-1"]
[WhiteElo "1498"]
[BlackElo "2067"]
[PlyCount "56"]
[EventDate "2010.04.02"]
[EventType "swiss"]
[EventRounds "6"]
[EventCountry "SUI"]
[SourceTitle "EXT 2024"]
[Source "ChessBase"]
[SourceDate "2023.10.10"]
[SourceVersion "1"]
[SourceVersionDate "2023.10.10"]
[SourceQuality "1"]

1. Nf3 c5 2. c4 Nf6 3. Nc3 g6 4. e3 Bg7 5. d4 0-0 6. Be2 b6 7. Qc2 Bb7 8. d5 a6 9. a4 a5 10. 0-0 Na6 11. Nb5 Nb4 12. Qb3 d6 13. Bd2 e6 14. Bxb4 axb4 15. dxe6 fxe6 16. Rfd1 d5 17. Ng5 Qe7 18. Nf3 Kh8 19. Qc2 Ne4 20. Rac1 Rad8 21. Nd2 Nxf2 22. Rf1 Ne4 23. Nxe4 dxe4 24. b3 Qg5 25. Rxf8+ Rxf8 26. Qd2 Rd8 27. Nd6 Kg8 28. Bf1 Be5 0-1

[Event "Lugano op 4th"]
[Site "Lugano"]
[Date "2010.04.02"]
[Round "1"]
[White "Guidi, Maurizio"]
[Black "Todorovic, Jovan"]
[Result "0-1"]
[WhiteElo "2067"]
[BlackElo "2419"]
[PlyCount "104"]
[EventDate "2010.04.02"]
[EventType "swiss"]
[EventRounds "6"]
[EventCountry "SUI"]
[SourceTitle "EXT 2024"]
[Source "ChessBase"]
[SourceDate "2023.10.10"]
[SourceVersion "1"]
[SourceVersionDate "2023.10.10"]
[SourceQuality "1"]

1. e4 c5 2. Nc3 Nc6 3. g3 g6 4. Bg2 Bg7 5. d3 Rb8 6. Be3 d6 7. a4 a6 8. Nf3 Nd4 9. Qd2 Nxf3+ 10. Bxf3 Bh3 11. Ra2 Nf6 12. Ne2 0-0 13. Nf4 Bd7 14. 0-0 Ng4 15. Nd5 Nxe3 16. Nxe3 Bc6 17. Bg2 b6 18. c3 Qd7 19. Qc2 e6 20. a5 b5 21. b4 Rbc8 22. Qd2 Ba8 23. Rc1 Qa7 24. Rac2 Rc7 25. c4 cxb4 26. Qxb4 Qd4 27. Qa3 Rc5 28. cxb5 Rxb5 29. Rc7 Bh6 30. R7c4 Qa7 31. Rc8 Bxe3 32. Rxf8+ Kxf8 33. fxe3 Qxe3+ 34. Kh1 Rc5 35. Rf1 Qd4 36. Qb3 Kg7 37. Qb8 Bc6 38. Qa7 Be8 39. Qxa6 Rc3 40. Qa8 Kf8 41. a6 Ra3 42. e5 Qb6 43. Qc8 dxe5 44. Bb7 Ra2 45. Qc3 Rxa6 46. Be4 Ra5 47. Rc1 Kg7 48. Qc8 Ra2 49. Qc3 Qf2 50. Qxe5+ f6 51. Qc7+ Kh8 52. g4 e5 0-1

[Event "EU-ch 11th"]
[Site "Rijeka"]
[Date "2010.03.17"]
[Round "11"]
[White "Guidi, Maurizio"]
[Black "Chudinovskih, Alexander N"]
[Result "1-0"]
[WhiteElo "2050"]
[BlackElo "2314"]
[PlyCount "83"]
[EventDate "2010.03.06"]
[EventType "swiss"]
[EventRounds "11"]
[EventCountry "CRO"]
[SourceTitle "CBM 136"]
[Source "ChessBase"]
[SourceDate "2010.05.18"]
[SourceVersion "1"]
[SourceVersionDate "2010.05.18"]
[SourceQuality "1"]

1. e4 e5 2. Nf3 Nc6 3. Bc4 Nf6 4. d3 Be7 5. 0-0 0-0 6. Re1 d6 7. h3 Na5 8. Bb3 c6 9. c3 Nxb3 10. Qxb3 Qc7 11. d4 Be6 12. Qc2 h6 13. Nbd2 Rfe8 14. Nf1 Bf8 15. Ng3 g6 16. b3 Bg7 17. Bb2 Rad8 18. c4 Bc8 19. Rad1 Nd7 20. dxe5 dxe5 21. Nf1 Nc5 22. b4 Ne6 23. c5 Nd4 24. Nxd4 exd4 25. Nd2 Qf4 26. Nc4 Re7 27. Qd2 Qh4 28. f4 Be6 29. Nd6 Bxa2 30. Qf2 Qxf2+ 31. Kxf2 Bb3 32. Rd2 b6 33. Bxd4 bxc5 34. Bxg7 Kxg7 35. bxc5 Rb8 36. Ra1 Be6 37. Ra6 Rc7 38. g4 Kf8 39. f5 gxf5 40. gxf5 Bc8 41. Ra3 Re7 42. Rg3 1-0

[Event "Robecchetto op 20th"]
[Site "Robecchetto"]
[Date "2009.12.30"]
[Round "6"]
[White "Guidi, Maurizio"]
[Black "Cornaggia, Ranieri"]
[Result "1/2-1/2"]
[WhiteElo "2049"]
[BlackElo "1933"]
[PlyCount "33"]
[EventDate "2009.12.27"]
[EventType "swiss"]
[EventRounds "6"]
[EventCountry "ITA"]
[SourceTitle "CBM 134 Extra"]
[Source "ChessBase"]
[SourceDate "2010.03.03"]
[SourceVersion "1"]
[SourceVersionDate "2010.03.03"]
[SourceQuality "1"]

1. e4 e5 2. d4 exd4 3. Qxd4 Nc6 4. Qe3 Nf6 5. Nc3 Bb4 6. Bd2 0-0 7. 0-0-0 d6 8. f4 Re8 9. Qg3 Rxe4 10. Bd3 Re8 11. Nge2 Bg4 12. Rde1 Qd7 13. h3 Bf5 14. Bb5 a6 15. Ba4 b5 16. Bb3 d5 17. Rd1 1/2-1/2

[Event "Robecchetto op 20th"]
[Site "Robecchetto"]
[Date "2009.12.28"]
[Round "2"]
[White "Guidi, Maurizio"]
[Black "Gagliardi, Christian"]
[Result "1/2-1/2"]
[WhiteElo "2049"]
[BlackElo "2251"]
[PlyCount "112"]
[EventDate "2009.12.27"]
[EventType "swiss"]
[EventRounds "6"]
[EventCountry "ITA"]
[SourceTitle "CBM 134 Extra"]
[Source "ChessBase"]
[SourceDate "2010.03.03"]
[SourceVersion "1"]
[SourceVersionDate "2010.03.03"]
[SourceQuality "1"]

1. e4 d6 2. d4 g6 3. Nc3 Bg7 4. Be3 a6 5. a4 Nf6 6. Qd2 0-0 7. Nf3 Bg4 8. Be2 Bxf3 9. Bxf3 Nc6 10. Ne2 e5 11. d5 Ne7 12. g4 Qd7 13. h3 c6 14. g5 Ne8 15. Bg4 Qc7 16. dxc6 Qxc6 17. Nc3 b6 18. h4 Nc7 19. a5 bxa5 20. 0-0 Nb5 21. Nd5 Nxd5 22. exd5 Qc4 23. f4 e4 24. c3 a4 25. Be2 Qc8 26. c4 Nc7 27. Bd4 Qh3 28. Ra3 e3 29. Rxe3 Bxd4 30. Qxd4 Qd7 31. h5 Rae8 32. Rxe8 Nxe8 33. Kg2 f6 34. hxg6 hxg6 35. Rh1 Qe7 36. Bd3 Ng7 37. Rh6 fxg5 38. Rxg6 Rxf4 39. Qc3 Qa7 40. c5 Qf7 41. Rxg7+ Qxg7 42. Qxg7+ Kxg7 43. c6 Rf7 44. Bxa6 Kf6 45. Bb5 Ra7 46. Kf3 Ke5 47. Bc4 Kd4 48. Ba2 Rf7+ 49. Kg4 Rf2 50. b4 axb3 51. Bxb3 Kc5 52. Kxg5 Kb6 53. Bd1 Kc7 54. Kg4 Rf8 55. Bf3 Kd8 56. Be4 Kc7 1/2-1/2

[Event "Robecchetto op 20th"]
[Site "Robecchetto"]
[Date "2009.12.27"]
[Round "1"]
[White "Aranovitch, Emiliano"]
[Black "Guidi, Maurizio"]
[Result "1/2-1/2"]
[WhiteElo "2356"]
[BlackElo "2049"]
[PlyCount "42"]
[EventDate "2009.12.27"]
[EventType "swiss"]
[EventRounds "6"]
[EventCountry "ITA"]
[SourceTitle "CBM 134 Extra"]
[Source "ChessBase"]
[SourceDate "2010.03.03"]
[SourceVersion "1"]
[SourceVersionDate "2010.03.03"]
[SourceQuality "1"]

1. e4 c5 2. Nf3 Nc6 3. Bb5 g6 4. 0-0 Bg7 5. Bxc6 bxc6 6. Re1 Nf6 7. c3 0-0 8. d4 cxd4 9. cxd4 d6 10. h3 a6 11. Nc3 h6 12. Be3 Bd7 13. b3 Qb8 14. Rc1 Qb7 15. Qd2 Kh7 16. e5 dxe5 17. dxe5 Nd5 18. Na4 Qb4 19. Nc5 Bf5 20. Na4 Qxd2 21. Bxd2 Nf4 1/2-1/2

[Event "Pavia op"]
[Site "Pavia"]
[Date "2009.02.14"]
[Round "3"]
[White "Ranfagni, Stefano"]
[Black "Guidi, Maurizio"]
[Result "0-1"]
[WhiteElo "2040"]
[BlackElo "2074"]
[PlyCount "130"]
[EventDate "2009.02.13"]
[EventType "swiss"]
[EventRounds "5"]
[EventCountry "ITA"]
[SourceTitle "CBM 129 Extra"]
[Source "ChessBase"]
[SourceDate "2009.05.05"]
[SourceVersion "2"]
[SourceVersionDate "2009.05.20"]
[SourceQuality "1"]

1. e4 c5 2. Nf3 Nc6 3. g3 g6 4. Bg2 Bg7 5. c3 e6 6. 0-0 Nge7 7. d4 cxd4 8. cxd4 d5 9. e5 h6 10. Nc3 a6 11. Be3 0-0 12. Qd2 Kh7 13. h4 Bd7 14. Nh2 Nf5 15. Ng4 Rc8 16. Rfc1 Na5 17. b3 b5 18. Ne2 Qb6 19. Nf4 Rxc1+ 20. Rxc1 Rc8 21. Rxc8 Bxc8 22. h5 Nc6 23. hxg6+ fxg6 24. Ne2 Bd7 25. Bh3 Qa5 26. Qxa5 Nxa5 27. Nh2 Nc6 28. Bxf5 gxf5 29. Nf4 Nb4 30. g4 fxg4 31. Nxg4 Nxa2 32. Bd2 a5 33. Bxa5 Nc1 34. b4 Kg8 35. Bb6 Kf7 36. Bc5 Nb3 37. Bb6 Be8 38. Nh5 Bf8 39. Nhf6 Bxb4 40. Nxh6+ Kf8 41. Nhg4 Bc3 42. Nxe8 Kxe8 43. Nf6+ Ke7 44. Kf1 Bxd4 45. Bc7 Nc1 46. Bd6+ Kd8 47. f4 Nd3 48. f5 exf5 49. Nxd5 Bxe5 50. Be7+ Kd7 51. Bg5 Ke6 52. Ne3 f4 53. Ke2 Nb4 54. Nd1 Kf5 55. Be7 Nc6 56. Bc5 Bd4 57. Bd6 Ke4 58. Bf8 f3+ 59. Kf1 b4 60. Bh6 b3 61. Bc1 Nb4 62. Bd2 Nd3 63. Nc3+ Bxc3 64. Bxc3 b2 65. Bxb2 Nxb2 0-1

[Event "Magistrale 6th"]
[Site "Bassano del Grappa"]
[Date "2006.12.29"]
[Round "5.6"]
[White "Guidi, Maurizio"]
[Black "Roberti, Ignazio"]
[Result "0-1"]
[WhiteElo "2103"]
[BlackElo "1927"]
[PlyCount "118"]
[EventDate "2006.12.26"]
[EventType "swiss"]
[EventRounds "7"]
[EventCountry "ITA"]
[SourceTitle "EXT 2023"]
[Source "ChessBase"]
[SourceDate "2022.10.05"]
[SourceVersion "1"]
[SourceVersionDate "2022.10.05"]
[SourceQuality "1"]

1. e4 e6 2. d4 d5 3. Nc3 Nf6 4. Bg5 dxe4 5. Nxe4 Be7 6. Bxf6 Bxf6 7. Nf3 Nd7 8. Qd2 0-0 9. 0-0-0 a6 10. h4 b5 11. Qf4 Bb7 12. Bd3 c5 13. dxc5 Qa5 14. a3 Bd5 15. Nxf6+ Nxf6 16. h5 h6 17. g4 Qa4 18. Qxa4 bxa4 19. Rh3 Nxg4 20. Rg1 Nxf2 21. Rhg3 Nxd3+ 22. cxd3 Bxf3 23. Rxf3 f6 24. d4 Rad8 25. Rd1 Rd5 26. Kc2 Rfd8 27. Re1 e5 28. dxe5 Rxc5+ 29. Rc3 Rxe5 30. Rxe5 fxe5 31. Rc5 Re8 32. Ra5 Re6 33. Kd3 Kf7 34. Rxa4 Kf6 35. Rg4 Rd6+ 36. Ke3 Kf7 37. b4 Rc6 38. Kd3 Rf6 39. a4 Rc6 40. Rg6 Rxg6 41. hxg6+ Ke6 42. Ke4 h5 43. b5 axb5 44. axb5 h4 45. b6 Kd6 46. b7 Kc7 47. Kxe5 h3 48. Ke6 h2 49. Kf7 h1Q 50. Kxg7 Qh5 51. Kf6 Qh8+ 52. Kf7 Qh5 53. Kf6 Kxb7 54. g7 Qe8 55. Kg5 Kc7 56. Kh6 Qg8 57. Kg6 Kd6 58. Kf6 Kd5 59. Kg6 Ke5 0-1

[Event "Magistrale 6th"]
[Site "Bassano del Grappa"]
[Date "2006.12.29"]
[Round "6.6"]
[White "Ventura, Sergio"]
[Black "Guidi, Maurizio"]
[Result "1-0"]
[WhiteElo "2125"]
[BlackElo "2103"]
[PlyCount "91"]
[EventDate "2006.12.26"]
[EventType "swiss"]
[EventRounds "7"]
[EventCountry "ITA"]
[SourceTitle "EXT 2023"]
[Source "ChessBase"]
[SourceDate "2022.10.05"]
[SourceVersion "1"]
[SourceVersionDate "2022.10.05"]
[SourceQuality "1"]

1. c4 Nf6 2. Nf3 d6 3. g3 g6 4. Bg2 Bg7 5. 0-0 0-0 6. Nc3 Nc6 7. Rb1 a5 8. a3 e5 9. d3 d5 10. cxd5 Nxd5 11. Nxe5 Nxc3 12. Nxc6 Nxe2+ 13. Qxe2 bxc6 14. Bxc6 Bh3 15. Re1 Rb8 16. Qc2 Qf6 17. Be4 Rbe8 18. Qc4 Re7 19. Bd2 Rc8 20. Bc3 Qb6 21. Rbc1 Bxc3 22. Qxc3 a4 23. Re2 h5 24. Qc5 Qf6 25. f3 Rb8 26. Rcc2 Rb3 27. Qf2 Qd6 28. Rc6 Qe5 29. f4 Qb5 30. Rc5 Qb6 31. Rc4 Qa5 32. Qd4 Re8 33. Rxa4 Qb6 34. Qxb6 cxb6 35. Rc4 Bg4 36. Rd2 Kg7 37. Kf2 Rd8 38. Rc7 Be6 39. Rdc2 Kf6 40. R7c3 Rb5 41. b4 Rb8 42. Ke3 Rd8 43. Rc7 g5 44. Rb7 gxf4+ 45. gxf4 h4 46. Rcc7 1-0